Juventus Squad 23/24 - Statistics

General Stats
  • This quiz has been taken 70 times
  • The average score is 17 of 23
Answer Stats
# Nation Former Club Answer % Correct
9 Serbia Fiorentina Dusan Vlahovic
96%
7 Italy Fiorentina Federico Chiesa
93%
3 Brazil Torino Bremer
91%
6 Brazil Man City Danilo
91%
1 Poland Arsenal Wojciech Szczesny
89%
12 Brazil FC Porto Alex Sandro
85%
14 Poland Napoli Arkadiusz Milik
83%
11 Serbia Frankfurt Filip Kostic
83%
10 France Man United Paul Pogba
83%
16 USA Schalke Weston McKennie
83%
5 Italy Sassuolo Manuel Locatelli
80%
25 France PSG Adrien Rabiot
76%
4 Italy Frosinone Federico Gatti
74%
18 Italy Everton Moise Kean
74%
22 USA Lille Timothy Weah
74%
20 Italy Youth Fabio Miretti
65%
21 Italy Youth Nicolo Fagioli
61%
36 Italy Genoa Mattia Perin
59%
24 Italy Youth Daniele Rugani
57%
2 Italy Milan Mattia de Sciglio
56%
17 England Youth Samuel Iling Junior
56%
27 Italy Youth Andrea Cambiaso
44%
23 Italy Vicenza Carlo Pinsoglio
44%
No matching quizzes found
Score Distribution
Percent of People with Each Score
Percentile by Number Answered
Your Score History
You have not taken this quiz